000 00326 a2200157 4500
001 152081
040 _cEscola São Tomás de Aquino
100 _aBETTO, Frei
240 1 0 _aUala o amor
_lpor
245 1 0 _aUala o amor
300 _a47
362 0 _a1994
440 1 _aFTD
697 _a*LITERATURA JUVENIL
942 _cBK
999 _c152081
_d152081